Geography Quiz

Random Geography or City Quiz
Score 0/50 Timer 07:00
1 Play Today
% Correct
California
89.8%
Hawaii
89.6%
New York
89.5%
Oklahoma
89.3%
Texas
89.3%
Nevada
88.8%
Indiana
88.6%
Oregon
88.6%
Colorado
88.4%
Illinois
88.1%
Tennessee
87.9%
Arizona
87.8%
Georgia
87.7%
Pennsylvania
87.3%
Massachusetts
87.3%
Washington
86.9%
Alaska
86.8%
Michigan
86.8%
Louisiana
86.7%
Utah
86.6%
Minnesota
85.8%
New Mexico
84.8%
Arkansas
84.2%
Ohio
84.2%
Maryland
83.2%
% Correct
New Jersey
83.2%
Virginia
82.5%
Idaho
81.9%
Alabama
81.8%
Rhode Island
81.8%
Florida
81.4%
Iowa
80.9%
Nebraska
79.1%
Kentucky
79%
Wisconsin
79%
Mississippi
78.3%
Kansas
77.8%
South Carolina
77.4%
North Carolina
77.1%
Wyoming
75.5%
Maine
73.7%
North Dakota
72.9%
Missouri
72.2%
West Virginia
71.4%
Montana
69.4%
Connecticut
68.8%
South Dakota
67.9%
New Hampshire
65.9%
Vermont
62.6%
Delaware
62.3%
Remove Ads.
Support Sporcle.
Get the best of Sporcle when you Go Orange. This ad-free experience offers more features, more stats, and more fun while also helping to support Sporcle. Thank you for becoming a member.

You're not logged in!

Compare scores with friends on all Sporcle quizzes.
OR
Log In

Show Comments

Extras

Top Quizzes Today


Score Distribution

Your Account Isn't Verified!

In order to create a playlist on Sporcle, you need to verify the email address you used during registration. Go to your Sporcle Settings to finish the process.

Report this User

Report this user for behavior that violates our Community Guidelines.

Details: